Statistics for Largest European Cities by Letter - L

Click here to take the quiz!

General Stats

  • This quiz has been taken 128 times
  • The average score is 14 of 28

Answer Stats

Rank Population Country Hint City % Correct
17'074'000United KingdomTower BridgeLondon
100%
8468'000United KingdomThe BeatlesLiverpool
98%
5563'000PortugalTorre de BelémLisbon
90%
10415'000FranceCuisine and gastronomyLyon
89%
4727'000United KingdomRoyal Armouries MuseumLeeds
86%
14264'000SloveniaCapitalLjubljana
82%
2803'000PolandNational Film SchoolLódz
74%
13294'000United KingdomChampion of the Premier LeagueLeicester
68%
3786'000UkraineMajor city in western UkraineLvov
64%
12354'000SpainGran CanariaLas Palmas
63%
7490'000GermanyVölkerschlachtdenkmalLeipzig
62%
21181'000United KingdomA London airportLuton
56%
18203'000AustriaFamous Austrian torteLinz
55%
19196'000France"The port" in FrenchLe Havre
51%
23172'000FrancePlace du Général-de-GaulleLille
48%
20195'000BelgiumCultural centre of WalloniaLiège
45%
28161'000GermanyBayerLeverkusen
37%
17213'000GermanyHolstentorLübeck
36%
11356'000PolandCracow GateLublin
32%
9467'000UkraineCentre of the war in DonbassLuhansk
32%
24164'000ItalyPortLivorno
22%
15255'000SpainBarcelona's neighborL' Hospitalet de Llobregat
17%
22174'000SpainSuburb of MadridLeganés
13%
26164'000GermanyBASFLudwigshafen
13%
27162'000SerbiaRostiljijadaLeskovac
12%
6519'000RussiaFerrous metallurgyLipetsk
11%
16216'000UkraineLubart's castleLutsk
7%
25164'000RussiaYuri GagarinLyubertsy
3%

Score Distribution

Percentile by Number Answered

Percent of People with Each Score

Your Score History

You have not taken this quiz